000 00336cam a22001217a 4500
008 180718b1951 xxu||||| |||| 00| 0 eng d
082 _aJ7 W67
100 _aWilliams-Ellis, Clough
245 _aTown and country planning
_cby Clough Williams-Ellis
260 _aLondon
_bLongmans, Green
_c1951
300 _a48p.
650 _aCity planning
999 _c441920
_d441920